BUBT Library Online Catalog

Project Planning Analysis , Selection, Financing, Implementation and Review (Record no. 3110)

000 -LEADER
fixed length control field 00655nam a2200217Ia 4500
003 - CONTROL NUMBER IDENTIFIER
control field BUBTL
008 - FIXED-LENGTH DATA ELEMENTS--GENERAL INFORMATION
fixed length control field 151213s9999 xx 000 0 und d
020 ## - INTERNATIONAL STANDARD BOOK NUMBER
International Standard Book Number 0-07-061729-5
082 ## - DEWEY DECIMAL CLASSIFICATION NUMBER
Classification number 658.8/CHP
100 ## - MAIN ENTRY--PERSONAL NAME
Personal name Chandra, Prasonna
9 (RLIN) 2773
245 ## - TITLE STATEMENT
Title Project Planning Analysis , Selection, Financing, Implementation and Review
Statement of responsibility, etc. Prasonna Chandra
250 ## - EDITION STATEMENT
Edition statement 6th
260 ## - PUBLICATION, DISTRIBUTION, ETC. (IMPRINT)
Place of publication, distribution, etc. New Delhi
Name of publisher, distributor, etc. Tata mc Graw hill
Date of publication, distribution, etc. 2006
300 ## - PHYSICAL DESCRIPTION
Extent xxi,22.26p.:
Other physical details 21cm.
Dimensions Management
650 ## - SUBJECT ADDED ENTRY--TOPICAL TERM
Topical term or geographic name as entry element Management
9 (RLIN) 2774
650 ## - SUBJECT ADDED ENTRY--TOPICAL TERM
Topical term or geographic name as entry element Management
9 (RLIN) 2774
700 ## - ADDED ENTRY--PERSONAL NAME
Personal name Prasonna Chandra
9 (RLIN) 2775
856 ## - ELECTRONIC LOCATION AND ACCESS
Password 0
Logon 0
Link text Download
942 ## - ADDED ENTRY ELEMENTS (KOHA)
Source of classification or shelving scheme
Koha item type Books
Holdings
Withdrawn status Lost status Source of classification or shelving scheme Damaged status Not for loan Collection code Permanent location Current location Shelving location Date acquired Inventory number Total Checkouts Full call number Barcode Date last seen Date last checked out Copy number Price effective from Koha item type
          Non-fiction Bangladesh University of Business and Technology Library Bangladesh University of Business and Technology Library Management Stacks 12/24/2019 4995 2 658.8/CHP BUBTL-20034995 03/28/2024 03/21/2024 C-1 12/24/2019 Books
        Not For Loan Non-fiction Bangladesh University of Business and Technology Library Bangladesh University of Business and Technology Library Management Stacks 12/24/2019 4997   658.8/CHP BUBTL-20034997 12/24/2019   C-2 12/24/2019 Books
          Non-fiction Bangladesh University of Business and Technology Library Bangladesh University of Business and Technology Library Management Stacks 12/24/2019 4996   658.8/CHP BUBTL-20034996 12/24/2019   C-3 12/24/2019 Books

More Information About Library

Library Hours

  • Open: 9.00 am. to 9.00 pm.
  • Only Sunday: 9.00 am. to 6.00 pm.
  • Closed: Holiday

Contact to the University

Bangladesh University of Business and Technology Library

  • Mirpurl-2, 1216.
  • Phone:
  • Fax:
  • E-Mail: admin.library@bubt.edu.bd

Contact to the Library

Contact Person:

Md. Abdul Hakim Shah
Joint Librarian
PABX No:  113
Cell No: 01816332931
E-mail: official: admin.library@bubt.edu.bd
Personal: hakim.shah@bubt.edu.bd


BUBT Library

Copyright © 2021